Contemporary Living Spaces for the Elderly /

Dada la creciente longevidad que, afortunadamente, caracteriza cada vez más a la sociedad contemporánea, la arquitectura comienza a pensar en el desarrollo de proyectos adecuados a las necesidades de los ancianos, que físicamente les faciliten la vida y les permitan mantener su independencia, pero c...

Ausführliche Beschreibung

Gespeichert in:
Bibliographische Detailangaben
1. Verfasser: Mira Vázquez, Oscar (texto y selec.)
Weitere Verfasser: Minguet, Josep Maria (dir.) Dirigiert von
Format: Buch
Sprache:Spanisch
Veröffentlicht: Barcelona, España : Instituto Monsa de Ediciones, 2009, c2009
Schriftenreihe:(Architectural Design 7)
Schlagworte:
Tags: Tag hinzufügen
Keine Tags, Fügen Sie das erste Tag hinzu!

MARC

LEADER 00000nam^a2200000^a^4500
001 000297589
005 20250521000000.0
009 20260310112343.019
020 |a 978-84-96823-47-1 
037 |a Acervo ITESO - Biblioteca 
041 |a ESP 
082 |a 724. 6  |b DES S. 7 V. 2 
100 |a Mira Vázquez, Oscar  |e (texto y selec.) 
245 1 0 |a Contemporary Living Spaces for the Elderly /  |c Texto y selec. de O. Mira Vázquez ; dir. de J.M. Minguet ; tr. por Babyl Traducciones. 
264 4 |a Barcelona, España :  |b Instituto Monsa de Ediciones,  |c 2009, c2009 
300 |a 239 p. 
336 |a texto  |b txt  |2 rdacontenido 
337 |a sin mediación  |b n  |2 rdamedio 
338 |a volumen  |b nc  |2 rdasoporte 
440 1 |a (Architectural Design 7) 
520 |a Dada la creciente longevidad que, afortunadamente, caracteriza cada vez más a la sociedad contemporánea, la arquitectura comienza a pensar en el desarrollo de proyectos adecuados a las necesidades de los ancianos, que físicamente les faciliten la vida y les permitan mantener su independencia, pero con la posibilidad de convivir con otros. La obra presenta 23 desarrollos de esta naturaleza, levantados en diversas partes del mundo. 
546 |a Edición bilingüe español-inglés 
649 |a XX 
650 |a Ancianos -  |x Condiciones Sociales y Culturales -  |x Tema Principal 
650 |a Asilos -  |x Tema Principal 
650 |a Vivienda Tutelada -  |x Tema Principal 
650 |a Vivienda 
650 |a Planos Arquitectónicos 
650 |a Diseño Arquitectónico 
650 |a Arquitectura y Sociedad 
650 |a Arquitectura -  |y Siglo XXI 
650 |a Arquitectura -  |x Historia y Crítica 
650 |a Arte y Sociedad 
650 |a Arte -  |y Siglo XXI 
650 |a Arte -  |x Historia y Crítica 
700 |a Minguet, Josep Maria  |e (dir.) 
910 |a Fondo General 
920 |a Impresos - Libros 
930 |a Reserva Especial 
905 |a 103 
901 |a 0500183077  |b IT1  |c REE  |i C123231  |u 20250521 
902 |a https://opac.biblio.iteso.mx/vufind/Record/000297589